Collections of frozen tissues : value, management, field and laboratory procedures, and directory of existing collections /

Bibliographic Details
Corporate Authors: Academy of Natural Sciences of Philadelphia, Association of Systematics Collections
Other Authors: Dessauer, Herbert C., Hafner, Mark S.
Format: Book
Language:English
Published: Lawrence, Kan. : Association of Systematics Collections, 1984.
Subjects:

MARC

Tag First Indicator Second Indicator Subfields
LEADER 00000cam a2200000 a 4500
001 in00000016430
005 20151007052754.0
008 850615s1984 ksuac b 10000 eng d
035 |a (OCoLC)12159918 
035 |9 AAA9119AM 
040 |a SMI  |c SMI  |d VPI  |d m/c  |d TXA  |d UtOrBLW 
049 |a TXAM  |c [A11071168] 
050 4 |a QP517.C78  |b C69 1984 
245 0 0 |a Collections of frozen tissues :  |b value, management, field and laboratory procedures, and directory of existing collections /  |c compiled and edited by Herbert C. Dessauer and Mark S. Hafner for the workshop panel. 
264 1 |a Lawrence, Kan. :  |b Association of Systematics Collections,  |c 1984. 
300 |a v, 74 pages :  |b illustrations, portrait ;  |c 23 cm. 
336 |a text  |b txt  |2 rdacontent 
337 |a unmediated  |b n  |2 rdamedia 
338 |a volume  |b nc  |2 rdacarrier 
500 |a "A report to the National Science Foundation by a special workshop panel of tissue collection managers convened 24-26 May 1983 at the Academy of Natural Sciences of Philadelphia sponsored by the Association of Systematics Collections." 
504 |a Includes bibliographies. 
650 0 |a Cryobiochemistry  |x Congresses. 
650 0 |a Low temperature research  |x Congresses. 
650 0 |a Tissues  |x Preservation  |x Congresses. 
700 1 |a Dessauer, Herbert C. 
700 1 |a Hafner, Mark S. 
710 2 |a Academy of Natural Sciences of Philadelphia. 
710 2 |a Association of Systematics Collections. 
999 |a MARS 
999 f f |s 5e833d2a-aea8-39da-a9fa-89e4cfd48f44  |i 9ebfce14-a8b1-3583-a8de-3429ef61a790  |t 0 
952 f f |p normal  |a Texas A&M University  |b College Station  |c Sterling C. Evans Library  |d Evans: Library Stacks  |t 0  |e QP517.C78 C69 1984  |h Library of Congress classification  |i unmediated -- volume  |m A14811071168 
998 f f |a QP517.C78 C69 1984  |t 0  |l Evans: Library Stacks